Mallorquinische Küstengemeinden - Statistiken

Allgemein
  • Dieses Quiz wurde 8 mal gespielt
  • Das Durchschnittsergebnis liegt bei 6 aus 24
Antwortstatistiken
Hint Antwort % Korrekt
--- Palma
88%
Raiguer Alcudia
75%
Tramuntana Soller
63%
Tramuntana Andratx
38%
Llevant Manacor
38%
Migjorn Santanyi
38%
Tramuntana Valldemossa
38%
Llevant Arta
25%
Tramuntana Banyalbufar
25%
Tramuntana Calvia
25%
Tramuntana Deia
25%
Migjorn Llucmajor
25%
Tramuntana Pollença
25%
Migjorn Campos
13%
Tramuntana Escorca
13%
Tramuntana Estellencs
13%
Migjorn Felanitx
13%
Tramuntana Fornalutx
13%
Pla de Mallorca Muro
13%
Pla de Mallorca Santa Margalida
13%
Llevant Sant Llorenç des Cardassar
13%
Llevant Capdepera
0%
Migjorn Ses Salines
0%
Llevant Son Servera
0%
Keine übereinstimmenden Quizze gefunden
Verteilung der Resultate
Anzahl Personen mit jedem Resultat
Perzentil nach korrekt beantworteten Fragen
Ihre Resultats-Entwicklung
Sie haben dieses Quiz noch nicht gespielt